Ideology of Kokugo (Record no. 1113198)

MARC details
000 -LEADER
fixed length control field 00939nam a2200301Ia 4500
003 - CONTROL NUMBER IDENTIFIER
control field OSt
005 - DATE AND TIME OF LATEST TRANSACTION
control field 20221006160403.0
008 - FIXED-LENGTH DATA ELEMENTS--GENERAL INFORMATION
fixed length control field 221006b |||||||| |||| 00| 0 eng d
020 ## - INTERNATIONAL STANDARD BOOK NUMBER
International Standard Book Number 9780824833053
-- 8.00
037 ## - SOURCE OF ACQUISITION
Terms of availability Textual
040 ## - CATALOGING SOURCE
Original cataloging agency EASL
Transcribing agency EASL
Language of cataloging eng
041 ## - LANGUAGE CODE
Source of code eng
Language code of text/sound track or separate title eng
100 ## - MAIN ENTRY--PERSONAL NAME
Personal name Lee Yeounsuk
9 (RLIN) 673167
245 #0 - TITLE STATEMENT
Title Ideology of Kokugo
Remainder of title Nationalizing language in Modern Japan
260 ## - PUBLICATION, DISTRIBUTION, ETC.
Place of publication, distribution, etc. Honolulu
Name of publisher, distributor, etc. University of Hawaii Press
Date of publication, distribution, etc. 2009
300 ## - PHYSICAL DESCRIPTION
Extent 262p.
Dimensions cm.
490 ## - SERIES STATEMENT
Volume/sequential designation JEL
650 ## - SUBJECT ADDED ENTRY--TOPICAL TERM
Topical term or geographic name entry element JEL
650 ## - SUBJECT ADDED ENTRY--TOPICAL TERM
Topical term or geographic name entry element Language policy - Japan
9 (RLIN) 673168
650 ## - SUBJECT ADDED ENTRY--TOPICAL TERM
Topical term or geographic name entry element Japanese language - Philosophy
9 (RLIN) 673169
700 ## - ADDED ENTRY--PERSONAL NAME
Personal name Hubbard Maki Hirano Tr.
9 (RLIN) 673170
942 ## - ADDED ENTRY ELEMENTS (KOHA)
Classification part P420aR, P9
Koha item type Textual
Source of classification or shelving scheme Colon Classification (CC)
Holdings
Withdrawn status Lost status Source of classification or shelving scheme Damaged status Use restrictions Not for loan Home library Current library Date acquired Source of acquisition Serial Enumeration / chronology Total Checkouts Full call number Barcode Date last seen Price effective from Koha item type
    Colon Classification (CC)       Department of East Asian Studies Library Department of East Asian Studies Library 2022-10-06 Gift, Japan Foundation JEL   P420aR P9 EA1397862 2022-10-06 2022-10-06 Textual
Copyright @ Delhi University Library System